Central Library OPAC University of Rajshahi

Economic policies compared : (Record no. 2536)

MARC details
000 -LEADER
fixed length control field 00877nam a2200265 p 4500
001 - CONTROL NUMBER
control field 2536
003 - CONTROL NUMBER IDENTIFIER
rucl marc code BD-RjUL
005 - DATE AND TIME OF LATEST TRANSACTION
control field 20211208233556.0
008 - FIXED-LENGTH DATA ELEMENTS--GENERAL INFORMATION
fixed length control field 131211s1974 ne bs 001 0 eng
020 ## - INTERNATIONAL STANDARD BOOK NUMBER
International Standard Book Number 0444105859 (American Elsevier) :
035 ## - SYSTEM CONTROL NUMBER
System control number (BD-RjUL)2563
040 ## - CATALOGING SOURCE
Original cataloging agency DLC
Transcribing agency DLC
Modifying agency DLC
-- BD-RjUL
Language of cataloging eng
041 ## - LANGUAGE CODE
Language code of text/sound track or separate title eng
082 00 - DEWEY DECIMAL CLASSIFICATION NUMBER
Classification number 330.9
Edition number 20
Author mark and year ECO 1974
245 00 - TITLE STATEMENT
Title Economic policies compared :
Remainder of title West and East /
Statement of responsibility, etc. ed., E. S. Kirschen ... [et al.].
Number of part/section of a work Vol.1,
Name of part/section of a work General theory.
260 ## - PUBLICATION, DISTRIBUTION, ETC. (IMPRINT)
Place of publication, distribution, etc. Amsterdam :
Name of publisher, distributor, etc. North-Holland Pub. Co. ;
Place of publication, distribution, etc. New York :
Name of publisher, distributor, etc. American Elsevier Pub. Co.,
Date of publication, distribution, etc. 1974.
300 ## - PHYSICAL DESCRIPTION
Pagination xvi, 355 p. ;
Size 23 cm.
504 ## - BIBLIOGRAPHY, ETC. NOTE
Bibliography, etc Includes bibliographies and index.
505 1# - FORMATTED CONTENTS NOTE
Formatted contents note v. 1. General theory.
650 #0 - SUBJECT ADDED ENTRY--TOPICAL TERM
Topical term or geographic name as entry element Economic policy.
9 (RLIN) 8198
700 1# - ADDED ENTRY--PERSONAL NAME
Personal name Kirschen, Étienne Sadi,
Relator term ed.
942 ## - ADDED ENTRY ELEMENTS (KOHA)
Source of classification or shelving scheme Dewey Decimal Classification
Koha item type Books
Holdings
Lost status Source of classification or shelving scheme Damaged status Not for loan Collection code Permanent Location Current Location Shelving location Date acquired Source of acquisition Cost, normal purchase price Total Checkouts Full call number Date last seen Copy number Koha item type
  Dewey Decimal Classification   Not For Loan Non-fiction Central Library, University of Rajshahi Central Library, University of Rajshahi Reading Room 02/04/1979 Netherland 0.00   330.9 ECO V-1 1974 12/12/2013 C-1 Books